Aktuálny prehľad medzinárodných audítorských štandardov prijatých v Európskej únii
Prehľad o aktuálnom stave prijímania upravených/modifikovaných ISA v Európskej únii v nasledujúcich oblastiach: prehľad stavu prijímania ISA v každom členskom štáte EU, aktuálne úpravy a výnimky ISA v členských štátoch EU, prijatie ISQC 1 v každom členskom štáte EU, usmernenia pri prijímaní ISA a IS...
Enregistré dans:
| Auteur principal: | |
|---|---|
| Format: | Chapitre de livre |
| Langue: | slovaque |
| Sujets: | |
| Tags: |
Pas de tags, Soyez le premier à ajouter un tag!
|
MARC
| LEADER | 00000nla a2200000 4500 | ||
|---|---|---|---|
| 001 | 0210004 | ||
| 005 | 20240502073509.5 | ||
| 041 | 0 | |a slo | |
| 044 | |a SK | ||
| 245 | 1 | 0 | |a Aktuálny prehľad medzinárodných audítorských štandardov prijatých v Európskej únii |c Katarína Hunyady |
| 520 | |a Prehľad o aktuálnom stave prijímania upravených/modifikovaných ISA v Európskej únii v nasledujúcich oblastiach: prehľad stavu prijímania ISA v každom členskom štáte EU, aktuálne úpravy a výnimky ISA v členských štátoch EU, prijatie ISQC 1 v každom členskom štáte EU, usmernenia pri prijímaní ISA a ISQC 1 v členských štátoch EU. Hlavné pripomienky k transpozícii medzinárodných audítorských štandardov. | ||
| 610 | 2 | 0 | |a štandardy audítorské medzinárodné |
| 610 | 2 | 0 | |a Európska únia |
| 100 | 1 | |a Hunyady, Katarína | |